[Event "NATO-ch 22nd"]
[Site "Kaunas"]
[Date "2011.08.11"]
[Round "5.24"]
[White "Toll, Alec J"]
[Black "Vinoya, Mario"]
[Result "1-0"]
[WhiteElo "2070"]
[BlackElo "1953"]
[PlyCount "91"]
[EventDate "2011.08.??"]
[EventType "swiss"]
[EventRounds "7"]
[EventCountry "LTU"]
[WhiteTeam "ENG"]
[BlackTeam "USA"]

1. b4 e6 2. Bb2 d5 3. Nf3 Nf6 4. b5 Bd7 5. e3 c5 6. c4 a6 7. a4 axb5 8. axb5
Rxa1 9. Bxa1 Be7 10. d3 O-O 11. Be2 Qa5+ 12. Nbd2 dxc4 13. dxc4 Ne4 14. O-O Nc3
15. Bxc3 Qxc3 16. Ne4 Qa5 17. Qa1 Qb6 18. Rd1 f5 19. Ng3 Bf6 20. Qa3 Be8 21.
Nd2 g6 22. Nb3 Nd7 23. Bf3 Ne5 24. Qxc5 Qxc5 25. Nxc5 Nxf3+ 26. gxf3 Rf7 27.
Nxe6 Re7 28. Nf4 Bg5 29. Nd5 Rd7 30. f4 Bd8 31. Ne2 Kf8 32. Nd4 Bf7 33. f3 Bxd5
34. cxd5 Ke7 35. e4 Bb6 36. Kf1 Rc7 37. Nxf5+ Kf6 38. Nd6 Rc2 39. e5+ Ke7 40.
f5 Bc7 41. f6+ Kd7 42. e6+ Kxd6 43. e7 Bb6 44. e8=Q Rf2+ 45. Ke1 Rxf3 46. Qe7#
1-0

[Event "NATO-ch 22nd"]
[Site "Kaunas"]
[Date "2011.08.11"]
[Round "5.25"]
[White "Pirs, Matjaz2"]
[Black "Dekker, Ard"]
[Result "1/2-1/2"]
[WhiteElo "2066"]
[BlackElo "1889"]
[PlyCount "84"]
[EventDate "2011.08.??"]
[EventType "swiss"]
[EventRounds "7"]
[EventCountry "LTU"]
[WhiteTeam "SLO"]
[BlackTeam "NED"]

1. e4 c6 2. d4 d5 3. exd5 cxd5 4. c4 Nf6 5. Nc3 g6 6. Qb3 Bg7 7. cxd5 O-O 8.
Be2 Nbd7 9. Bf3 Nb6 10. Nge2 Bg4 11. Bxg4 Nxg4 12. Bf4 Nf6 13. d6 exd6 14. O-O
Qd7 15. Nb5 d5 16. Nxa7 Nc4 17. Nb5 g5 18. Be3 Rfe8 19. Ng3 Nxe3 20. fxe3 Ne4
21. Nxe4 Rxe4 22. Rf3 Rae8 23. Raf1 R8e7 24. h3 h5 25. Rf5 Rxe3 26. Qxd5 Re2
27. Qxd7 Rxd7 28. R1f2 Re1+ 29. Kh2 f6 30. d5 Kh7 31. d6 Kg6 32. Rc5 Bf8 33.
Rd2 Re6 34. Rcd5 Re5 35. g3 Rxd5 36. Rxd5 Kf7 37. Kg2 Ke6 38. Nc7+ Kf7 39. Nb5
Ke6 40. Rd2 Bxd6 41. Nxd6 Rxd6 42. Re2+ Kf5 1/2-1/2

[Event "NATO-ch 22nd"]
[Site "Kaunas"]
[Date "2011.08.11"]
[Round "5.26"]
[White "Cheung, Jan W"]
[Black "Mottais, Francois"]
[Result "1-0"]
[WhiteElo "2024"]
[BlackElo "2065"]
[PlyCount "39"]
[EventDate "2011.08.??"]
[EventType "swiss"]
[EventRounds "7"]
[EventCountry "LTU"]
[WhiteTeam "NED"]
[BlackTeam "FRA"]

1. d4 d5 2. c4 Nc6 3. cxd5 Qxd5 4. e3 e5 5. Nc3 Bb4 6. Bd2 Bxc3 7. Bxc3 exd4 8.
Ne2 Bg4 9. f3 Nf6 10. Nxd4 O-O-O 11. fxg4 Rhe8 12. Nf5 Qc5 13. Qe2 Nb4 14. Bxf6
Nd3+ 15. Qxd3 Rxd3 16. Bxd3 gxf6 17. Rd1 Qb4+ 18. Rd2 Rd8 19. a3 Qb3 20. Bc4
1-0

[Event "NATO-ch 22nd"]
[Site "Kaunas"]
[Date "2011.08.11"]
[Round "5.27"]
[White "Giedraitis, Mingaudas"]
[Black "Zengin, Sedat"]
[Result "0-1"]
[WhiteElo "1800"]
[BlackElo "2064"]
[PlyCount "110"]
[EventDate "2011.08.??"]
[EventType "swiss"]
[EventRounds "7"]
[EventCountry "LTU"]
[WhiteTeam "NATO"]
[BlackTeam "TUR"]

1. e4 c5 2. c3 Nf6 3. e5 Nd5 4. d4 cxd4 5. cxd4 Nc6 6. Nf3 d6 7. exd6 Qxd6 8.
a3 Bg4 9. Be3 Nxe3 10. fxe3 e5 11. dxe5 Qxd1+ 12. Kxd1 O-O-O+ 13. Kc2 Bc5 14.
e4 Bxf3 15. gxf3 Nd4+ 16. Kc3 Nxf3 17. Bh3+ Kb8 18. e6 Ng5 19. Bg2 Nxe6 20. Kc2
Nd4+ 21. Kc3 Nc6 22. Kc2 Be3 23. Kc3 Nd4 24. Rf1 Ne2+ 25. Kc2 Nf4 26. Bf3 Ng6
27. Nc3 Rd2+ 28. Kb3 Ne5 29. Be2 Rc8 30. Rfd1 Rxc3+ 31. Kxc3 Rxe2 32. Rd8+ Kc7
33. Re8 Bf4 34. Re7+ Kc6 35. Rd1 Rxe4 36. Rd8 Re3+ 37. Kc2 Re2+ 38. Kb3 Bg5 39.
Rc8+ Kb6 40. Rec7 Rxh2 41. Rc5 Bf6 42. Rd5 Nc6 43. Rd7 Bxb2 44. Rxf7 Na5+ 45.
Ka2 Bf6+ 46. Kb1 Rb2+ 47. Kc1 Nb3+ 48. Kd1 h5 49. Rb8 Nc5 50. Rh8 h4 51. Rh5
Ra2 52. Rf8 Rxa3 53. Re8 h3 54. Reh8 Ne4 55. Ke2 Ng3+ 0-1

[Event "NATO-ch 22nd"]
[Site "Kaunas"]
[Date "2011.08.11"]
[Round "5.28"]
[White "Troina, Giuseppe"]
[Black "Pazeriene, Diana"]
[Result "0-1"]
[WhiteElo "1200"]
[BlackElo "2037"]
[PlyCount "64"]
[EventDate "2011.08.??"]
[EventType "swiss"]
[EventRounds "7"]
[EventCountry "LTU"]
[WhiteTeam "ITA"]
[BlackTeam "LTU"]

1. e4 c6 2. Nf3 d5 3. d3 Bg4 4. h3 Bh5 5. g4 Bg6 6. Nc3 e6 7. exd5 cxd5 8. Ne5
Nc6 9. d4 Bd6 10. Bb5 Qc7 11. Bf4 Nge7 12. Qf3 O-O 13. Nxg6 hxg6 14. Bxd6 Qxd6
15. O-O-O a6 16. Ba4 b5 17. Bb3 Rab8 18. a3 b4 19. axb4 Qxb4 20. Qd3 Na5 21.
Ne2 Nxb3+ 22. Qxb3 Qxb3 23. cxb3 Rxb3 24. Nc3 Nc6 25. h4 Rb4 26. h5 Rxd4 27.
Rdg1 Ne5 28. Rh4 Nf3 29. Rgh1 Nxh4 30. Rxh4 gxh5 31. Rxh5 Rxg4 32. Rh1 Rg2 0-1

[Event "NATO-ch 22nd"]
[Site "Kaunas"]
[Date "2011.08.11"]
[Round "5.29"]
[White "Narman, Gokhan"]
[Black "Geerts, Luc"]
[Result "1-0"]
[WhiteElo "2057"]
[BlackElo "1515"]
[PlyCount "69"]
[EventDate "2011.08.??"]
[EventType "swiss"]
[EventRounds "7"]
[EventCountry "LTU"]
[WhiteTeam "TUR"]
[BlackTeam "BEL"]

1. d4 d5 2. c4 c6 3. Nf3 Nf6 4. e3 e6 5. Nc3 Nbd7 6. Be2 Bd6 7. O-O O-O 8. Qc2
e5 9. cxd5 cxd5 10. dxe5 Nxe5 11. Rd1 Be6 12. Nb5 Rc8 13. Qa4 Bd7 14. Qb3 Bxb5
15. Qxb5 b6 16. Bd2 Rc5 17. Qb3 Qc7 18. h3 a5 19. Nxe5 Bxe5 20. f4 Bd6 21. Bc3
Ne4 22. Bd4 Bxf4 23. exf4 Qxf4 24. Bxc5 bxc5 25. Qf3 Qe5 26. Bd3 f5 27. Bxe4
fxe4 28. Qb3 c4 29. Qc3 Qe6 30. Qxa5 Rf5 31. Rf1 g6 32. Rxf5 gxf5 33. Rd1 Kg7
34. Qxd5 Qb6+ 35. Qd4+ 1-0

[Event "NATO-ch 22nd"]
[Site "Kaunas"]
[Date "2011.08.11"]
[Round "5.30"]
[White "Kruit, Erik"]
[Black "Krainski, Slawomir"]
[Result "1-0"]
[WhiteElo "1914"]
[BlackElo "2099"]
[PlyCount "81"]
[EventDate "2011.08.??"]
[EventType "swiss"]
[EventRounds "7"]
[EventCountry "LTU"]
[WhiteTeam "NED"]
[BlackTeam "POL"]

1. e4 d5 2. exd5 Nf6 3. d4 Bg4 4. Be2 Bxe2 5. Qxe2 Qxd5 6. Nf3 Nc6 7. c4 Qf5 8.
a3 g5 9. d5 Na5 10. Nbd2 b6 11. Nd4 Qg4 12. N2f3 h6 13. Bd2 Bg7 14. h3 Qe4 15.
Rc1 O-O 16. Bxa5 bxa5 17. Rc2 Qf4 18. O-O Nh5 19. Rd1 Qf6 20. g3 Rab8 21. Rdd2
Rfe8 22. Qd3 a4 23. b4 axb3 24. Nxb3 e5 25. dxe6 Qxe6 26. Kg2 g4 27. Nfd4 gxh3+
28. Kh2 Qg4 29. Ne2 Be5 30. c5 Nf6 31. Nbd4 Rbd8 32. Rc4 Qh5 33. f3 Qg5 34.
Kxh3 Nh5 35. f4 Qf6 36. fxe5 Qf1+ 37. Kh2 Qf2+ 38. Kh3 Rxe5 39. Qf3 Qe1 40.
Rcc2 Rxd4 41. Rxd4 1-0

[Event "NATO-ch 22nd"]
[Site "Kaunas"]
[Date "2011.08.11"]
[Round "5.31"]
[White "Adolfssen, Rico"]
[Black "Berrak, Sedat"]
[Result "0-1"]
[WhiteElo "1912"]
[BlackElo "2078"]
[PlyCount "90"]
[EventDate "2011.08.??"]
[EventType "swiss"]
[EventRounds "7"]
[EventCountry "LTU"]
[WhiteTeam "DEN"]
[BlackTeam "TUR"]

1. d4 Nf6 2. c4 e6 3. Nc3 c5 4. d5 exd5 5. cxd5 d6 6. e4 g6 7. Nf3 Bg7 8. Bb5+
Nbd7 9. a4 O-O 10. O-O a6 11. Bd3 b6 12. Bf4 Qc7 13. Nd2 Ne5 14. Nc4 Nxc4 15.
Bxc4 Re8 16. Re1 Ng4 17. Rc1 Ne5 18. b3 Bd7 19. Be2 Qb7 20. Be3 f5 21. f4 Nf7
22. Bf2 fxe4 23. Bf1 e3 24. Rxe3 Rxe3 25. Bxe3 Re8 26. Bf2 b5 27. axb5 axb5 28.
Qf3 Kh8 29. Re1 Rxe1 30. Bxe1 b4 31. Ne4 Bb5 32. Bxb5 Qxb5 33. g4 c4 34. bxc4
Qxc4 35. Nd2 Qc1 36. Qe2 Bc3 37. Kg2 Qc2 38. Kf3 Qc1 39. Kf2 g5 40. fxg5 Ne5
41. h3 Qc2 42. Qb5 Kg7 43. Qb7+ Nf7 44. Qb6 Qd3 45. Qe3 Bd4 0-1

[Event "NATO-ch 22nd"]
[Site "Kaunas"]
[Date "2011.08.11"]
[Round "5.32"]
[White "Sari, Serdar"]
[Black "Adkins, James D"]
[Result "1-0"]
[WhiteElo "2032"]
[BlackElo "2016"]
[PlyCount "47"]
[EventDate "2011.08.??"]
[EventType "swiss"]
[EventRounds "7"]
[EventCountry "LTU"]
[WhiteTeam "TUR"]
[BlackTeam "USA"]

1. b3 Nf6 2. Bb2 g6 3. e4 d6 4. Nc3 Bg7 5. d4 O-O 6. f4 c6 7. Nf3 Bg4 8. h3
Bxf3 9. Qxf3 Nbd7 10. O-O-O Qc7 11. e5 Ne8 12. g4 d5 13. f5 b5 14. Bxb5 cxb5
15. Nxd5 Qb8 16. Nxe7+ Kh8 17. h4 Nxe5 18. dxe5 Bxe5 19. fxg6 Bxb2+ 20. Kxb2
Qe5+ 21. Kb1 Nd6 22. g7+ Kxg7 23. Rhe1 Qc5 24. Rxd6 1-0

[Event "NATO-ch 22nd"]
[Site "Kaunas"]
[Date "2011.08.11"]
[Round "5.33"]
[White "Koopmeiners, Karl"]
[Black "Ivsek, Cveto"]
[Result "1-0"]
[WhiteElo "2022"]
[BlackElo "1823"]
[PlyCount "101"]
[EventDate "2011.08.??"]
[EventType "swiss"]
[EventRounds "7"]
[EventCountry "LTU"]
[WhiteTeam "NATO"]
[BlackTeam "SLO"]

1. d4 d5 2. c4 e6 3. Nf3 Nf6 4. Nc3 c6 5. e3 Nbd7 6. Bd3 Bd6 7. O-O O-O 8. e4
dxc4 9. Bxc4 e5 10. Bg5 Qc7 11. d5 a6 12. Rc1 c5 13. a4 h6 14. Bh4 Be7 15. Ne1
g5 16. Bg3 Nb6 17. Be2 Bd6 18. Nc2 Bd7 19. Ne3 Rac8 20. b3 Kg7 21. h4 Rh8 22.
hxg5 hxg5 23. a5 Na8 24. Nc4 Rh6 25. Qd2 Kg6 26. f3 Rch8 27. Nd1 b5 28. axb6
Nxb6 29. Nxd6 Qxd6 30. Qc3 Rh1+ 31. Kf2 Rxf1+ 32. Bxf1 Re8 33. Qxc5 Qb8 34. Qc7
Nbxd5 35. Qxb8 Rxb8 36. exd5 Nxd5 37. Bxa6 f6 38. Bc4 Nb4 39. Ke2 Ra8 40. Nc3
Bf5 41. Bf2 g4 42. Rd1 Rc8 43. Ne4 Ra8 44. Bc5 Na2 45. Rd6 Bxe4 46. fxe4 Nc3+
47. Kd3 Nd1 48. Kc2 Nf2 49. Bxf2 Ra2+ 50. Kc3 Rxf2 51. Rd2 1-0

[Event "NATO-ch 22nd"]
[Site "Kaunas"]
[Date "2011.08.11"]
[Round "5.34"]
[White "Bellemare, Regis"]
[Black "Almonti, Alessandro"]
[Result "1/2-1/2"]
[WhiteElo "1736"]
[BlackElo "2022"]
[PlyCount "127"]
[EventDate "2011.08.??"]
[EventType "swiss"]
[EventRounds "7"]
[EventCountry "LTU"]
[WhiteTeam "CAN"]
[BlackTeam "ITA"]

1. e4 d6 2. d4 Nf6 3. Nc3 e5 4. dxe5 dxe5 5. Qxd8+ Kxd8 6. Bc4 Ke8 7. Nf3 Bd6
8. Ng5 Rf8 9. Be3 a6 10. a4 Nbd7 11. h3 Bb4 12. Bd2 h6 13. Nf3 Bd6 14. O-O Nc5
15. Rfe1 Be6 16. Bxe6 Nxe6 17. Nd5 Nd7 18. Rad1 Rd8 19. Bc3 g6 20. Ne3 f6 21.
Nc4 Be7 22. Na5 Ndc5 23. Rxd8+ Nxd8 24. b3 b6 25. Nc4 Ndb7 26. Nh4 Kf7 27. Bd2
Rd8 28. Nf3 h5 29. Bc3 Bd6 30. Nfd2 Bf8 31. f3 Bh6 32. Nf1 Ke6 33. Nfe3 Bxe3+
34. Nxe3 Nd6 35. Rd1 Ndb7 36. Rxd8 Nxd8 37. Nd5 c6 38. Nxb6 f5 39. exf5+ gxf5
40. Nc4 e4 41. Bd4 Kd5 42. Bxc5 Kxc5 43. fxe4 fxe4 44. Ne3 Kd4 45. Kf2 Ne6 46.
g4 hxg4 47. hxg4 Ng5 48. Ke2 Nh3 49. Kd2 Ng5 50. Nf5+ Ke5 51. Ke3 Ne6 52. b4
Nf4 53. c4 Nd3 54. b5 cxb5 55. cxb5 axb5 56. axb5 Nb4 57. Ne7 Kd6 58. Nc6 Nd5+
59. Kxe4 Nf6+ 60. Kd4 Nxg4 61. Na7 Nf6 62. b6 Nd7 63. b7 Kc7 64. Nb5+ 1/2-1/2

[Event "NATO-ch 22nd"]
[Site "Kaunas"]
[Date "2011.08.11"]
[Round "5.35"]
[White "Demjen, Attila"]
[Black "Skwarczynski, Marcin"]
[Result "0-1"]
[WhiteElo "2032"]
[BlackElo "2011"]
[PlyCount "80"]
[EventDate "2011.08.??"]
[EventType "swiss"]
[EventRounds "7"]
[EventCountry "LTU"]
[WhiteTeam "HUN"]
[BlackTeam "NATO"]

1. e4 Nf6 2. e5 Nd5 3. c4 Nb6 4. d4 d6 5. exd6 exd6 6. Nf3 Be7 7. Bd3 O-O 8.
O-O Bg4 9. h3 Bh5 10. Qc2 Bg6 11. Bxg6 hxg6 12. b3 Bf6 13. Bb2 Nc6 14. d5 Bxb2
15. Qxb2 Ne7 16. Nc3 Nd7 17. Ne4 Nf5 18. Rae1 Re8 19. Neg5 Nf6 20. g4 Nh6 21.
Rxe8+ Qxe8 22. Re1 Qd7 23. Ne4 Nhxg4 24. Neg5 Nh6 25. b4 Nf5 26. Nd4 a6 27. Nb3
b6 28. Rd1 Qe7 29. a4 Ne4 30. Nxe4 Qxe4 31. c5 Qxb4 32. cxb6 cxb6 33. Qc2 Re8
34. Nd2 b5 35. axb5 axb5 36. Qc6 Re2 37. Nf3 Qf4 38. Qc8+ Kh7 39. Kg2 Nh4+ 40.
Kf1 Qxf3 0-1

[Event "NATO-ch 22nd"]
[Site "Kaunas"]
[Date "2011.08.11"]
[Round "5.36"]
[White "De Cat, Ben"]
[Black "Ola, Nathanial"]
[Result "1/2-1/2"]
[WhiteElo "1900"]
[BlackElo "2019"]
[PlyCount "70"]
[EventDate "2011.08.??"]
[EventType "swiss"]
[EventRounds "7"]
[EventCountry "LTU"]
[WhiteTeam "BEL"]
[BlackTeam "USA"]

1. d4 d5 2. Nf3 c6 3. Bf4 Bf5 4. Nbd2 Nf6 5. h3 e6 6. e3 Bd6 7. Be2 h6 8. Ne5
Bxe5 9. dxe5 Ne4 10. Nxe4 Bxe4 11. f3 Bh7 12. O-O Qb6 13. Qd2 Nd7 14. Bd3 Bxd3
15. cxd3 Rc8 16. Bg3 c5 17. f4 g6 18. Bf2 Qb4 19. Qe2 c4 20. d4 f5 21. g4 h5
22. gxf5 gxf5 23. Kh1 b6 24. Rg1 Kd8 25. Rg6 Qe7 26. Rag1 h4 27. Rg7 Qe8 28.
Qe1 c3 29. bxc3 Qh5 30. Kh2 a5 31. Qc1 Rc6 32. Qa3 Re8 33. Qb2 Kc7 34. Qb5 Rd8
35. c4 Qe2 1/2-1/2

[Event "NATO-ch 22nd"]
[Site "Kaunas"]
[Date "2011.08.11"]
[Round "5.37"]
[White "Lukjanovas, Vladas"]
[Black "Chwieseni, Edward"]
[Result "1-0"]
[WhiteElo "1893"]
[BlackElo "1960"]
[PlyCount "119"]
[EventDate "2011.08.??"]
[EventType "swiss"]
[EventRounds "7"]
[EventCountry "LTU"]
[WhiteTeam "LTU"]
[BlackTeam "ENG"]

1. Nf3 Nf6 2. g3 g6 3. Bg2 Bg7 4. O-O O-O 5. d4 d5 6. Re1 Nc6 7. Bf4 Bf5 8. c3
Nh5 9. Bg5 Qd6 10. Qc1 e5 11. dxe5 Nxe5 12. Bh6 Bxh6 13. Qxh6 Nxf3+ 14. Bxf3
Ng7 15. Nd2 Rfe8 16. Rad1 Bc2 17. Rc1 Be4 18. Rcd1 Bxf3 19. Nxf3 Nf5 20. Qd2
Rad8 21. Kg2 c6 22. g4 Ng7 23. Qh6 Ne6 24. e3 f6 25. a3 Qf8 26. Qh4 g5 27. Qg3
Qd6 28. Rh1 Qxg3+ 29. Kxg3 Nc5 30. h4 h6 31. Nd4 Ne4+ 32. Kg2 Nd6 33. Rh3 c5
34. Nc2 Nf7 35. hxg5 hxg5 36. Rdh1 Re4 37. f3 Re6 38. Kf2 Kf8 39. b4 b6 40. Rd1
Rdd6 41. Rd3 Ne5 42. Rd1 Ng6 43. Rh7 Re7 44. Rdh1 Rdd7 45. Rxe7 Rxe7 46. Rd1
Re5 47. Ne1 f5 48. Nd3 fxg4 49. Nxe5 Nxe5 50. Rxd5 Nxf3 51. bxc5 bxc5 52. Rxc5
Nd2 53. Rc8+ Kf7 54. Kg3 Kf6 55. Kxg4 Ke5 56. Kxg5 Ke4 57. Re8+ Kd3 58. Rd8+
Kxe3 59. Rxd2 Kxd2 60. c4 1-0

[Event "NATO-ch 22nd"]
[Site "Kaunas"]
[Date "2011.08.11"]
[Round "5.38"]
[White "Csizmadia, Csaba"]
[Black "Steffers, Hendrik"]
[Result "1/2-1/2"]
[WhiteElo "1888"]
[BlackElo "1959"]
[PlyCount "55"]
[EventDate "2011.08.??"]
[EventType "swiss"]
[EventRounds "7"]
[EventCountry "LTU"]
[WhiteTeam "HUN"]
[BlackTeam "NATO"]

1. d4 d5 2. c4 e6 3. Nc3 Nf6 4. e3 c6 5. Nf3 Bd6 6. c5 Bc7 7. Nd2 e5 8. Be2 O-O
9. O-O Bf5 10. b4 a6 11. a4 Nbd7 12. Bb2 exd4 13. exd4 Re8 14. b5 axb5 15. axb5
Rxa1 16. Bxa1 Nf8 17. b6 Bb8 18. Nf3 Ng6 19. Bd3 Bxd3 20. Qxd3 Ne4 21. g3 Qd7
22. Re1 f5 23. Bb2 h5 24. Bc1 h4 25. Bg5 h3 26. Bc1 Qf7 27. Bd2 Kf8 28. Bc1
1/2-1/2

[Event "NATO-ch 22nd"]
[Site "Kaunas"]
[Date "2011.08.11"]
[Round "5.39"]
[White "Voroblievas, Arturas"]
[Black "Van den Heuvel, Tonnie"]
[Result "1/2-1/2"]
[WhiteElo "1857"]
[BlackElo "1934"]
[PlyCount "120"]
[EventDate "2011.08.??"]
[EventType "swiss"]
[EventRounds "7"]
[EventCountry "LTU"]
[WhiteTeam "LTU"]
[BlackTeam "NED"]

1. e4 e5 2. Nf3 Nf6 3. Nxe5 d6 4. Nf3 Nxe4 5. d4 d5 6. Bd3 Be7 7. O-O Nc6 8. c4
Nf6 9. Nc3 Nb4 10. Be2 dxc4 11. Bxc4 Nbd5 12. Qb3 c6 13. Re1 O-O 14. Bg5 Be6
15. Qxb7 h6 16. Bh4 g5 17. Bg3 Qb6 18. Qxb6 axb6 19. Nxd5 cxd5 20. Bd3 Rfc8 21.
a3 Bf8 22. Rac1 Ne4 23. Bc7 g4 24. Ne5 Kg7 25. Nxg4 Bxg4 26. f3 Bxf3 27. gxf3
Ng5 28. Kg2 Ne6 29. Be5+ f6 30. Bf5 Rxc1 31. Rxc1 fxe5 32. Bxe6 exd4 33. Bxd5
Rd8 34. Be4 d3 35. Rd1 d2 36. Kf1 Be7 37. Ke2 Bf6 38. Rxd2 Rxd2+ 39. Kxd2 Bxb2
40. a4 Bd4 41. Kd3 Bf2 42. Ke2 Bc5 43. Kf1 Kf6 44. Kg2 Be3 45. Kh3 Bf4 46. Kg2
Kg5 47. h3 h5 48. Bc6 h4 49. Kf1 Be3 50. Bd7 Kf4 51. Bg4 Bc5 52. Ke2 Bg1 53.
Kd3 Bf2 54. Kc4 Bg1 55. Kd5 Bf2 56. Ke6 Be1 57. Kf6 Bf2 58. Kg6 Bg3 59. Kh5 Bf2
60. Kg6 Be1 1/2-1/2

[Event "NATO-ch 22nd"]
[Site "Kaunas"]
[Date "2011.08.11"]
[Round "5.40"]
[White "Stone, Stephen"]
[Black "Ross, David C"]
[Result "0-1"]
[WhiteElo "1609"]
[BlackElo "1925"]
[PlyCount "80"]
[EventDate "2011.08.??"]
[EventType "swiss"]
[EventRounds "7"]
[EventCountry "LTU"]
[WhiteTeam "CAN"]
[BlackTeam "NATO"]

1. e4 e5 2. Nf3 Nc6 3. Bb5 a6 4. Bxc6 dxc6 5. O-O Bg4 6. b3 Bc5 7. Bb2 Qe7 8.
h3 h5 9. d3 O-O-O 10. Nbd2 Bb4 11. c3 Bc5 12. Qc2 f5 13. d4 exd4 14. cxd4 Bxf3
15. Nxf3 fxe4 16. Rfe1 Bd6 17. Rxe4 Qf7 18. Rae1 Nf6 19. R4e2 Nd5 20. Bc1 Bf4
21. Bxf4 Qxf4 22. Ne5 Qf6 23. a4 Nf4 24. Re4 Rhg8 25. R1e3 g5 26. Rf3 Qg7 27.
a5 Rdf8 28. Qc5 Kb8 29. h4 gxh4 30. g3 hxg3 31. fxg3 Nh3+ 32. Kf1 Rxf3+ 33.
Nxf3 Qxg3 34. Re2 Qxf3+ 35. Ke1 Rg1+ 36. Kd2 Qf4+ 37. Re3 Rg2+ 38. Kd1 Qf1+ 39.
Re1 Qd3+ 40. Kc1 Qd2+ 0-1

[Event "NATO-ch 22nd"]
[Site "Kaunas"]
[Date "2011.08.11"]
[Round "5.41"]
[White "Crapulli, Giuseppe"]
[Black "Cohnen, Michael"]
[Result "1/2-1/2"]
[WhiteElo "1976"]
[BlackElo "1777"]
[PlyCount "43"]
[EventDate "2011.08.??"]
[EventType "swiss"]
[EventRounds "7"]
[EventCountry "LTU"]
[WhiteTeam "ITA"]
[BlackTeam "NATO"]

1. e4 c6 2. d4 d5 3. exd5 cxd5 4. c4 Nf6 5. Nc3 e6 6. Nf3 Bb4 7. Bd3 O-O 8. O-O
Nc6 9. Bg5 Be7 10. a3 a6 11. c5 Nd7 12. Bxe7 Nxe7 13. b4 Ng6 14. a4 f5 15. Re1
Nf6 16. Ne5 Nxe5 17. Rxe5 Ng4 18. Re2 Qh4 19. h3 Nh6 20. Bc2 g5 21. Qd3 Rf7 22.
Rf1 1/2-1/2

[Event "NATO-ch 22nd"]
[Site "Kaunas"]
[Date "2011.08.11"]
[Round "5.42"]
[White "Cappon, Kaan"]
[Black "Fissel, Daniel"]
[Result "0-1"]
[WhiteElo "1899"]
[BlackElo "1534"]
[PlyCount "80"]
[EventDate "2011.08.??"]
[EventType "swiss"]
[EventRounds "7"]
[EventCountry "LTU"]
[WhiteTeam "BEL"]
[BlackTeam "USA"]

1. e4 d5 2. exd5 Nf6 3. d4 Nxd5 4. c4 Nb6 5. Nf3 Bg4 6. Be3 e5 7. Be2 Bb4+ 8.
Nc3 exd4 9. Nxd4 Bxc3+ 10. bxc3 Bxe2 11. Qxe2 O-O 12. O-O N8d7 13. Rad1 Qf6 14.
Nb5 Qc6 15. Qg4 Ne5 16. Qg3 Nexc4 17. Nd4 Qe4 18. Bf4 c5 19. Nf3 Qg6 20. Qh3
Nc8 21. Rd5 Qe6 22. Rxc5 Qxh3 23. gxh3 N4d6 24. Rd1 b6 25. Rc7 Nb5 26. Rb7 Nxc3
27. Rd2 Re8 28. Be5 Ne4 29. Rdd7 Nc5 30. Rxf7 Nxb7 31. Rxg7+ Kf8 32. Rxb7 Re7
33. Rxe7 Kxe7 34. Nd4 Nd6 35. Kf1 Rc8 36. Ke2 a6 37. Kd3 Rc1 38. Kd2 Rc4 39. a3
Ra4 40. Nc2 Nc4+ 0-1

[Event "NATO-ch 22nd"]
[Site "Kaunas"]
[Date "2011.08.11"]
[Round "5.43"]
[White "Ghiacy, Jelani"]
[Black "Jackson, Andy"]
[Result "1/2-1/2"]
[WhiteElo "1154"]
[BlackElo "1840"]
[PlyCount "42"]
[EventDate "2011.08.??"]
[EventType "swiss"]
[EventRounds "7"]
[EventCountry "LTU"]
[WhiteTeam "CAN"]
[BlackTeam "BEL"]

1. e4 e5 2. Nf3 Nf6 3. Nc3 Nc6 4. Bc4 Bc5 5. h3 O-O 6. d3 h6 7. a3 b6 8. b3 Bd4
9. Nxd4 Nxd4 10. Bb2 Bb7 11. Ne2 d5 12. exd5 Nxd5 13. Bxd5 Qxd5 14. Bxd4 exd4
15. f3 Rfe8 16. O-O Qg5 17. Kh1 Rad8 18. Kh2 Rd6 19. Rf2 Rg6 20. Qf1 Qe5+ 21.
Kh1 Rc6 1/2-1/2

[Event "NATO-ch 22nd"]
[Site "Kaunas"]
[Date "2011.08.11"]
[Round "5.44"]
[White "Ulusoy, Mustafa"]
[Black "Landry, Guillaume"]
[Result "0-1"]
[WhiteElo "1720"]
[BlackElo "1274"]
[PlyCount "110"]
[EventDate "2011.08.??"]
[EventType "swiss"]
[EventRounds "7"]
[EventCountry "LTU"]
[WhiteTeam "NATO"]
[BlackTeam "CAN"]

1. d4 f5 2. c4 e6 3. Nf3 Nf6 4. g3 Bb4+ 5. Bd2 Bxd2+ 6. Nbxd2 b6 7. Bg2 Bb7 8.
O-O Nc6 9. Re1 Qe7 10. Ne5 d5 11. Qa4 O-O-O 12. Nxc6 Qd7 13. Nxa7+ Kb8 14. Qxd7
Rxd7 15. Nb5 Ba6 16. Nc3 Bxc4 17. Nxc4 dxc4 18. e3 Re8 19. a4 e5 20. d5 e4 21.
a5 Nxd5 22. Nxd5 Rxd5 23. axb6 cxb6 24. Red1 Red8 25. Rxd5 Rxd5 26. Kf1 Kc7 27.
Ke1 Rb5 28. Ra7+ Kd6 29. Rxg7 Rxb2 30. Rxh7 c3 31. Kd1 Rxf2 32. Rh6+ Kc5 33.
Bh3 Rxh2 34. Rh4 f4 35. gxf4 Kb4 36. Rh6 b5 37. Rh5 Ka4 38. Bg4 Rxh5 39. Bxh5
Kb3 40. Bg6 Kb2 41. Bxe4 b4 42. f5 b3 43. f6 c2+ 44. Ke2 c1=Q 45. Kf2 Qc8 46.
Bg6 Ka1 47. f7 b2 48. Kg3 b1=Q 49. Bxb1 Kxb1 50. Kf4 Qc4+ 51. e4 Qxf7+ 52. Ke3
Kc2 53. Kd4 Qe6 54. e5 Kb3 55. Ke4 Kc4 0-1